000 00589nam a2200229Ia 4500
003 OSt
005 20220928125033.0
006 a|||||r|||| 00| 0
007 ta
008 220927b |||||||| |||| 00| 0 eng d
024 _a112283
037 _cTextual
040 _aSDCL
_cSDCL
_beng
041 _2eng
_aeng
082 _aD65,4, L8
100 _aHaykin Simon
_9421952
245 0 _aCommunication systems
260 _aNew Delhi
_bWiley Eastern Limited
_c1978
300 _axvi;620p
_ccm.
942 _hD65,4, L8
_cTEXL
_2CC
999 _c780571
_d780571